Statistiques concernant Paroles Home - Edward Sharpe

Cliquez ici pour prendre le quiz!

Statistiques générales

  • Ce quiz a été pris 17 fois
  • Le résultat moyen est 233 sur 404

Statistiques - réponses

Answer % Correct
Is
100%
Home
100%
Home
100%
Home
100%
Me
100%
Home
100%
Home
100%
Me
100%
Home
100%
Love
100%
Me
100%
I
100%
Home
100%
Home
100%
Home
100%
Is
100%
Home
100%
When
100%
Me
100%
Me
100%
Home
100%
Home
100%
Home
100%
Is
100%
Me
100%
Home
100%
Home
100%
Me
100%
Home.
100%
I
100%
Home
100%
Home
100%
Is
100%
Me
100%
Home
100%
A
100%
Me
100%
Home
100%
Home
100%
Me
100%
Me
100%
Home
100%
Is
100%
Home.
100%
Do
100%
I
100%
Do
100%
I
100%
What
100%
A
100%
Me?
100%
I
100%
I
100%
My
100%
Of
100%
I
100%
Do
100%
Me.
100%
Home
100%
Is
100%
Is
100%
My
100%
I
100%
When
100%
Love
100%
I
100%
Of
100%
Me
100%
Home
100%
Is
100%
Do
100%
Home
100%
Love
100%
Home
100%
I
100%
My
100%
Home
100%
When
100%
Is
100%
I
100%
Do
100%
Love
100%
Do
100%
Home
100%
Is
100%
My
100%
My
100%
Home
100%
Me
100%
Home
100%
Home
100%
Me
100%
I
100%
My
100%
Home
100%
I
100%
You
67%
Go
67%
You
67%
You
67%
Were
67%
You
67%
Let
67%
That
67%
Day
67%
You
67%
Remember
67%
Alabama
67%
You.
67%
With
67%
Let
67%
Alone
67%
With
67%
I'm
67%
Let
67%
You.
67%
Come
67%
Come
67%
I'm
67%
La
67%
La
67%
I'm
67%
You
67%
La
67%
I'm
67%
With
67%
You.
67%
Alexander
67%
That
67%
Alone
67%
With
67%
You.
67%
I'm
67%
I'm
67%
With
67%
Go
67%
Arkansas
67%
Alabama
67%
You.
67%
Let
67%
Go
67%
With
67%
You.
67%
I'm
67%
Let
67%
Alone
67%
With
67%
Am
67%
Yes
67%
You.
67%
I'm
67%
Let
67%
You
67%
I'm
67%
You
67%
Come
67%
You
67%
With
67%
You.
67%
You
67%
Remember
67%
That?
67%
Yes
67%
You
67%
Were
67%
Was
67%
With
67%
Let
67%
You
67%
Go
67%
Be
67%
You
67%
Was
67%
To
67%
To
67%
La
67%
We
67%
Let
67%
You.
67%
With
67%
Come
67%
I'm
67%
La
67%
La
67%
La
67%
You.
67%
You.
67%
With
67%
It
67%
To
67%
You.
67%
That
67%
Let
67%
Come
67%
You.
67%
I'm
67%
Oh
67%
You.
67%
Be
67%
With
67%
That
67%
That
67%
You
67%
Oh
67%
You
67%
Not
67%
Arkansas
67%
To
67%
You
67%
I'm
67%
You.
67%
With
67%
You.
67%
La
67%
Ah
33%
More
33%
Than
33%
Falling
33%
Please
33%
Coming
33%
Told
33%
Candy
33%
Chocolate
33%
Pie
33%
Jesus
33%
Christ
33%
Until
33%
Ain't
33%
Nothing
33%
Now.
33%
Ah
33%
And
33%
Wherever
33%
Pumpkin
33%
Wherever
33%
Mommy
33%
Ah
33%
In
33%
Wherever
33%
Take
33%
Ah
33%
Deep
33%
Deeply
33%
Never
33%
Just
33%
There
33%
Loved
33%
One
33%
Never
33%
I've
33%
Girl
33%
Like
33%
Ah
33%
Alleyways
33%
And
33%
Payphone
33%
Calls.
33%
Eye
33%
Wherever
33%
Way
33%
Pa
33%
And
33%
Ma
33%
Holy
33%
Moley
33%
Apple
33%
The
33%
You're
33%
Ah
33%
Waterfalls
33%
And
33%
Ain't
33%
Nothing
33%
Last
33%
Nothingness
33%
The
33%
Need.
33%
Well
33%
Heavy
33%
And
33%
Hot
33%
Ah
33%
Scream
33%
Friend
33%
Pa
33%
Moats
33%
And
33%
Boats
33%
And
33%
Ma
33%
Best
33%
You're
33%
Man
33%
Man
33%
Wherever
33%
Thought
33%
Window?
33%
Out
33%
Everywhere
33%
Sure
33%
Been
33%
Fell
33%
Until
33%
Die
33%
Jade
33%
We'll
33%
Think
33%
I've
33%
Jumping
33%
The
33%
On
33%
Concrete
33%
Nearly
33%
Your
33%
Fell
33%
Phone
33%
Out
33%
After
33%
Calls
33%
Well
33%
Coming
33%
Barefoot
33%
It's
33%
Only
33%
Like
33%
Ah
33%
Run-a-free
33%
Wherever
33%
And
33%
See.
33%
Something
33%
You're
33%
Geez
33%
Streets
33%
The
33%
Take
33%
Night
33%
Summer
33%
On
33%
Daddy
33%
Never
33%
Could
33%
In
33%
And
33%
Wherever
33%
Than
33%
Ass
33%
Broke
33%
About
33%
Night.
33%
The
33%
Didn't
33%
Girl
33%
Told
33%
There's
33%
Something
33%
Pay
33%
Never
33%
Tell
33%
While
33%
The
33%
Ah
33%
Going
33%
The
33%
Cigarette
33%
Smocking
33%
The
33%
In
33%
The
33%
Backseat
33%
Loved
33%
Never
33%
All
33%
Out
33%
Bleeding
33%
Over
33%
Waterfalls
33%
Alleyways
33%
Place
33%
The
33%
And
33%
And
33%
The
33%
Moats
33%
Like
33%
Boats
33%
And
33%
Hospital
33%
And
33%
I'll
0%
Follow
0%
Park
0%
Into
0%
Jungle
0%
Came
0%
Dark
0%
That's
0%
True
0%
Through
0%
Sweeter
0%
Through
0%
Rushed
0%
Laugh
0%
Sitting
0%

Distribution des résultats

Percentile by Number Answered

% des personnes avec chaque résultat

Votre développement - résultats

Vous n’avez pas pris ce quiz